| 000 | 00517nam a2200217Ia 4500 | ||
|---|---|---|---|
| 008 | 220216s9999 xx 000 0 und d | ||
| 100 | _aSeguin M | ||
| 245 | 0 | _aHevea molecular genetics | |
| 260 |
_bPlantations, Recherche, Developpement _c1996 |
||
| 300 | _a77-88 | ||
| 650 | _aGenetic resources | ||
| 650 | _aGenome mapping | ||
| 650 | _aHevea | ||
| 650 | _aRFLP | ||
| 700 | _aBesse P | ||
| 700 | _aLebrun P | ||
| 700 | _aLespinasse D | ||
| 700 | _aNicolas D | ||
| 700 | _aRodier-Goud M | ||
| 942 | _cJS | ||
| 999 |
_c60334 _d60334 |
||